000 00220 a2200097 4500
001 23831
100 _aPennisi, L L
245 _aElements of Complex Variables
260 _a
_bHolt Rinehart
_c1963
090 _c16144
_d16144
942 _aNUST-CAE
_cM
_c6830
999 _c258904
_d258904